| 000 | 00946nam a22003017a 4500 | ||
|---|---|---|---|
| 003 | CHAP | ||
| 005 | 20220329134635.0 | ||
| 008 | 971013s1869 r 00010 d | ||
| 010 | _a23457 | ||
| 011 | _a24429 | ||
| 035 | _a28528 | ||
| 040 | _cCHAP | ||
| 082 |
_a497.4 _bB7 |
||
| 100 | 0 | 0 |
_aBrasseur de Bourbourg, Charles Etienne. _915080 |
| 245 | _aManuscrit Troano, etudes sur le systeme graphique et la langue des mayas | ||
| 260 |
_aParis : _bImprimerie Impériale, _c1869-70 |
||
| 300 | _av. | ||
| 590 |
_aBATCH-UPD _b10 _c20130110 _lUCH01 _h0318 |
||
| 590 |
_aBATCH-UPD _b10 _c20130110 _lUCH01 _h2257 |
||
| 590 |
_aCONVERSION _b10 _c20130109 _lUCH01 _h1314 |
||
| 650 | 1 | 4 |
_aManuscrito Troano. _970725 |
| 650 | 1 | 4 |
_aManuscritos mayas. _970727 |
| 650 | 1 | 4 |
_aMayas. _973209 |
| 901 | _aBK | ||
| 942 | _cLIBRO | ||
| 949 |
_a497.4 B7 _bBC _cBPP _d-65767 _eBPP _fv.1 _h7429 _i28528 _si |
||
| 949 |
_a497.4 B7 _bBC _cBPP _d-65768 _eBPP _fv.2 _h7429 _i28528 _si |
||
| 999 |
_c23457 _d23457 |
||